she’s all i wanna be - Tate McRae - All Lyrics - Statistics

General Stats
  • This quiz has been taken 204 times
  • The average score is 334 of 387
Answer Stats
Answer % Correct
a
100%
I
99%
"She's
99%
She's
99%
she's
99%
so
99%
(So
99%
when
99%
be
97%
be,
97%
oh
96%
oh-ooh
96%
all
95%
All
95%
an
95%
hm-mm
95%
and
94%
And
94%
ever
94%
every
94%
that
94%
that?
94%
You
94%
you
94%
go
93%
me
93%
wanna
93%
don't
92%
got
92%
have
92%
have,
92%
Then
92%
then
92%
with
92%
Stupid
91%
everything
90%
the
90%
want
90%
bad,
89%
bad
89%
bad)
89%
boy
89%
girl
89%
sad
89%
making
88%
could
87%
your
87%
How
86%
it
86%
not
86%
think
86%
this
86%
to
86%
small
85%
about"
84%
about,
84%
change
84%
Didn't
84%
nothing
84%
out
84%
perfect
83%
waist
83%
compete
82%
her
82%
One
82%
said
82%
smile
82%
worry
82%
car
80%
in
79%
loud?
78%
mind
78%
know
77%
new
77%
Say,
77%
say,
77%
day
76%
eyes
76%
mine
76%
close
75%
why'd
75%
fast
74%
dad's
73%
But
72%
"It's
70%
up
70%
weekday
70%
Someone
69%
someone
69%
can
68%
just
68%
you'll
68%
who's
67%
will
66%
wake
65%
scar
64%
ugly
63%
feeling,
62%
hard"
62%
leave
62%
bored
60%
dress
59%
I'll
59%
off
59%
show
59%
would
59%
friends
57%
night
57%
shouldn't
57%
stress
57%
black
56%
you've
56%
If
55%
tell
55%
nice
53%
wear
53%
around
52%
by
52%
forgotten
52%
big
51%
house
51%
spend
51%
at
50%
hurt
50%
tight
50%
whenever
48%
mini
47%
She'll
43%
probably
42%
No matching quizzes found
Score Distribution
Percent of People with Each Score
Percentile by Number Answered
Your Score History
You have not taken this quiz